| 000 | 00662nam a22001697a 4500 | ||
|---|---|---|---|
| 003 | MACL | ||
| 005 | 20150912162920.0 | ||
| 008 | 150912b xxu||||| |||| 00| 0 eng d | ||
| 040 | _cMACL | ||
| 041 | _aHindi | ||
| 082 | _a741.642 | ||
| 100 |
_4305/3 _aएटमटोव,चिंगीज _910536 |
||
| 245 | _aपहला अध्यापक/भारतीय खेल फूटबाल/हमारा संविधान | ||
| 260 |
_aनई दिल्ली _bनेशनल बूक ट्रस्ट _c1999 |
||
| 650 |
_aचिल्ड्रन बुक्स _9343 |
||
| 942 |
_2ddc _cHIN |
||
| 999 |
_c50285 _d50285 |
||